000 01107cab a2200289 4500
001 ABS46000
008 090401t1991 xxu||||| |||| 00| 0 eng d
035 _a(Sirsi) u56271
041 _aeng
100 _aFogden, M.
245 _aFactors affecting agricultural rental growth and reasons for the differing trends in the dairy or arable sector
260 _c1991
350 _a0
490 _aRent Review & Lease Renewal
_v12(1) Autumn 1991, 37-43(7)
520 _aExamines those factors, which, over the years, have influenced agricultural rents. Covering the period from 1965 to 1989, the author looks at the effects of rental growth, legislation, land ownership, fiscal measures, and the EEC. Concludes that trends in the 1980s look set to continue for the first half of the decade.
650 _aARABLE RENTS
650 _aDAIRY RENTS
650 _aFARM RENTS
650 _aFORECAST
650 _aLAND PRICES
650 _aRENTAL GROWTH
650 _aALL ITEMS RETAIL PRICES INDEX
650 _aSTRUTT AND PARKER
690 _aRURAL PRACTICE
942 _n0
948 _c04/03/1997
999 _c34315
_d34315